Programa para el ejercicio profesional contable (Registro nro. 31232)
[ vista simple ]
| 000 -LEADER | |
|---|---|
| fixed length control field | 00416 a2200133 4500 |
| 001 - CONTROL NUMBER | |
| control field | ART_39650 |
| 005 - DATE AND TIME OF LATEST TRANSACTION | |
| control field | 20260410162000.0 |
| 008 - FIXED-LENGTH DATA ELEMENTS--GENERAL INFORMATION | |
| fixed length control field | 260409a |
| 100 1# - MAIN ENTRY--PERSONAL NAME | |
| Personal name | Fronti de García, Luisa |
| 245 10 - TITLE STATEMENT | |
| Title | Programa para el ejercicio profesional contable |
| 700 1# - ADDED ENTRY--PERSONAL NAME | |
| Personal name | Larocca, Norberto Genaro |
| 700 1# - ADDED ENTRY--PERSONAL NAME | |
| Personal name | Suárez Kimura, Elsa Beatriz |
| 773 0# - HOST ITEM ENTRY | |
| Title | Propuestas |
| Related parts | - Año 1, Nº 2 (dic. 1995) |
| Record control number | REV28258 |
No hay ítems disponibles.